Statistics for Name all krew members also their pets by:max

Click here to take the quiz!

General Stats

  • This quiz has been taken 11 times
  • The average score is 6 of 9

Answer Stats

HintAnswer% Correct
krewFunneh
100%
krewDraco
75%
krewGold
75%
krewLunar
75%
krewRainbow
75%
krewAlven
50%
krewDembe
50%
krewKiaria
50%
krewReinhardt
50%

Score Distribution

Percentile by Number Answered

Percent of People with Each Score

Your Score History

You have not taken this quiz